000 00329 a2200109 4500
001 ART_23953
005 20260410161933.0
008 260409a
245 1 0 _aMinimización del déficit público y la inflación
100 1 _aMartínez, Roberto H.
773 0 _tInforme
_g- Año X, Nº 51 (sep. 1978)
_wREV23765
999 _c28755
_d28755